000 00705nem a2200229 i 4500
001 bg
245 0 0 _aKraków i okolice oraz Tatry :
_batlas drogowy /
_coprac. wydawca.
255 _a1:20000
260 _aKatowice :
_bWydaw. Kartograficzne "Mapy Ścienne" Beata Piętka,
_c[2005].
300 _a256 s. :
_bmapy kolor. +
_e30 cm.
651 9 _aKraków
651 9 _aTatry
655 _aMapy
020 _a8373451196
040 _cBPK
041 0 _apol
080 _a912(438)
920 _a83-7345-119-6
942 _cMP
008 s pl f |000 0 pol
999 _c35236
_d35236
856 _uhttp://koha.tu.koszalin.pl/cgi-bin/koha/opac-detail.pl?biblionumber=35236
_yKatalog online BPK